000 00499cam a2200145 4500500
005 20260111085409.0
041 _afre
042 _adc
100 1 0 _aVallin, Pierre
_eauthor
245 0 0 _aLucas Delattre, Fritz Kolbe, Un espion au cœur du iii e Reich . Denoël, 2003, 348 pages, 22 €
260 _c2004.
500 _a26
786 0 _nÉtudes | 400 | 2 | 2004-02-01 | p. XVI-XVI | 0014-1941
856 4 1 _uhttps://shs.cairn.info/revue-etudes-2004-2-page-XVI?lang=fr&redirect-ssocas=7080
999 _c1618132
_d1618132